| 000 | 00660cam a2200157ua 4500 | ||
|---|---|---|---|
| 020 | _a81 85068 39 9 | ||
| 041 |
_aeng _h |
||
| 082 |
_a028.7463 _b |
||
| 110 | 1 |
_aICID . _b _c() |
|
| 245 | _aFifteenth congress on irrigation and drainage , Hague, Netherlands 1993 Transactions vol-1-F | ||
| 260 |
_a : _bICID and CIID , _c1993. |
||
| 300 | _a687 ; . | ||
| 504 | _a | ||
| 942 | _cBK | ||
| 999 |
_c5849 _d5849 |
||